| 000 | 00771cam a22002773a 4500 | ||
|---|---|---|---|
| 001 | 12793 | ||
| 003 | PGUSA | ||
| 005 | 20140828083257.0 | ||
| 008 | 040630s2004||||xxu|||||s|||||000 | eng d | ||
| 040 |
_aPGUSA _beng |
||
| 042 | _adc | ||
| 050 | 4 | _aPS | |
| 100 | 1 |
_aBierce, Ambrose, _d1842-1913 |
|
| 245 | 1 | 0 |
_aCobwebs from an Empty Skull _h[electronic resource] / _cAmbrose Bierce |
| 260 |
_bProject Gutenberg, _c2004 |
||
| 506 | _aPublic domain in the USA. | ||
| 516 | _aElectronic text | ||
| 653 | _aFables | ||
| 653 | _aAmerican wit and humor | ||
| 653 | _aSatire | ||
| 700 | 1 |
_aDalziel, George, _d1815-1902 |
|
| 700 | 1 |
_aDalziel, Edward, _d1817-1905 |
|
| 830 | 0 |
_aProject Gutenberg _v12793 |
|
| 856 | 4 | 0 | _uhttp://www.gutenberg.org/ebooks/12793 |
| 942 | _cEB | ||
| 999 |
_c242048 _d242048 |
||